|
|
|
|
| LEADER |
00000nam a2200000 a 4500 |
| 001 |
vtls010340243 |
| 003 |
SK-MaSNL |
| 005 |
20260318105725.0 |
| 008 |
240314 000 0 eng |
| 040 |
|
|
|a SNK
|b slo
|c SNK
|e rda
|
| 041 |
0 |
|
|a slo
|
| 044 |
|
|
|a xo
|c SK
|
| 100 |
|
|
|a Okoličáni, Ladislav
|4 aut
|9 527914
|
| 245 |
1 |
0 |
|a Calumnia Castigata, Aneb Krátký Wyklad nesslechetnosti Hazyka Utrhagicýho
|c od Ladislawa Okolicsányi De Eadem Farára Dowaľowského z malebnég Diae cesi Spišskég.
|
| 264 |
|
1 |
|a W Presspurku
|b Wytsstény v Jana Michala Landerera.
|c 1783
|
| 300 |
|
|
|a 26 strán
|c 4° (22x18 cm)
|
| 336 |
|
|
|a text
|b txt
|2 rdacontent
|
| 337 |
|
|
|a bez média
|b n
|2 rdamedia
|
| 338 |
|
|
|a zväzok
|b nc
|2 rdacarier
|
| 500 |
|
|
|a Typografické linky, vynety
|
| 561 |
|
|
|a Na titulnom liste kruhová pečiatka : Museálna Slovenská spoločnosť.
|5 SNK SC439/6
|
| 561 |
|
|
|a Na titulnom exlibris: Wenuje Elena Trnovský 13.3.1895.
|5 SNK SC 439/6
|
| 563 |
|
|
|a Preväzba, pevná väzba potiahnutá pepierom, chrbát kožený
|5 SNK SC 439/6
|
| 563 |
|
|
|a Preväzba, pevná, plátená, hnedá.
|5 SNK SC 439/6 D1
|
| 700 |
1 |
|
|a Landerer, Ján Michal,
|d 1726-1795
|4 prt
|9 158270
|
| 700 |
|
|
|a Trnovská, Elena
|4 fmo
|9 506213
|
| 710 |
2 |
|
|a Muzeálna slovenská spoločnosť (Martin, Slovensko)
|4 fmo
|9 33033
|
| 752 |
|
|
|a Slovensko
|d Bratislava
|
| 852 |
|
|
|a SNK
|p SNK SC 439/6
|
| 852 |
|
|
|a SNK
|p SNK SC 439/6 D1
|
| 958 |
|
|
|a ONDV
|
| 999 |
|
|
|c 1210441
|d 1212371
|
| 952 |
|
|
|a SNK
|b SNK
|y PREZ
|7 0
|p 17A0748709
|o snkSC 439/6 D1
|i snkK 123/73
|8 3
|3 rekatalogizácia
|0 0
|1 0
|4 0
|d 2012-03-03
|l 0
|r 2026-02-24 23:11:04
|w 2026-02-24
|
| 952 |
|
|
|a SNK
|b SNK
|y PREZ
|7 0
|p 17A0714705
|o snkSC 439/6
|i snk1866/28
|0 0
|1 0
|4 0
|d 2012-02-07
|l 0
|r 2025-05-27 00:00:00
|w 2026-02-24
|